Electronic communication (Record no. 5080)

MARC details
000 -LEADER
fixed length control field 00465nam a2200169Ia 4500
003 - CONTROL NUMBER IDENTIFIER
control field SGT
020 ## - INTERNATIONAL STANDARD BOOK NUMBER
International Standard Book Number 9788120309845
082 ## - DEWEY DECIMAL CLASSIFICATION NUMBER
Classification number 621.381
Item number ROD
100 ## - MAIN ENTRY--PERSONAL NAME
Personal name Roddy,Dennis
245 ## - TITLE STATEMENT
Title Electronic communication
260 ## - PUBLICATION, DISTRIBUTION, ETC. (IMPRINT)
Name of publisher, distributor, etc PHI Learning Private Limited
Place of publication, distribution, etc New Delhi
Year of Publication 1995
300 ## - PAGE DESCRIPTION
No. of Pages 820p.
650 ## - SUBJECT ADDED ENTRY--TOPICAL TERM
Topical term or geographic name as entry element ELECTRONICS ENGINEERING
653 ## - KEYWORDS--INDEX TERM
Keyword term PASSIVE CIRCUITS, WAEFORM SPECTRA,DIGITAL LINE WAVEFORMS,NOISE,OSCILLATROS
700 ## - ADDED ENTRY--PERSONAL NAME
Personal name Coolen,John
942 ## - ADDED ENTRY ELEMENTS (KOHA)
Source of classification or shelving scheme Dewey Decimal Classification
Koha item type Books
Holdings
Withdrawn status Lost status Source of classification or shelving scheme Damaged status Not for loan Home library Current library Date acquired SGTU Total Checkouts Full call number Accession No. (Barcode) Date last seen Bill Date Koha item type
    Dewey Decimal Classification     SGT Engineering Library SGT Engineering Library 06/05/2010 SGTU   621.381 ROD FE2469 09/02/2015 09/02/2015 Books
    Dewey Decimal Classification     SGT Engineering Library SGT Engineering Library 06/05/2010 SGTU   621.381 ROD FE2470 09/02/2015 09/02/2015 Books
    Dewey Decimal Classification     SGT Engineering Library SGT Engineering Library 06/05/2010 SGTU   621.381 ROD FE2471 09/02/2015 09/02/2015 Books